Представление документа в формате MARC21

Поле Инд. ПП Название Значение
Тип записи a
Библиографический уровень a
001 Контрольный номер 5e1796d9ee5640f1adb7f5dedcef98e4
005 Дата корректировки 20220224163421.2
040 a Служба первич. каталог. НБ ТвГУ
b Код языка каталог. rus
e Правила каталог. PSBO
041 0_ a Код языка текста rus
097 b Оператор Komarova.ES
098 b Факультет Математический
c Кафедра Функционального анализа и геометрии
100 1_ a Автор Рыбаков Михаил Николаевич
q Полное имя Рыбаков М. Н.
245 10 a Заглавие Неразрешимость логик с унарным предикатом и двумя переменными
260 a Место издания Тверь
b Издательство Тверской государственный университет
504 a Библиография Библиогр.: с. 253-254 (11 назв.)
520 0_ a Аннотация Обсуждается вопрос об алгоритмической сложности неклассических предикатных логик в языке с одной унарной предикатной буквой и двумя переменными. Показано, что если в логике нет формул, ограничивающих высоту (иногда и ширину) ее шкал Крипке, то, в зависимости от остальных ограничений, проблема принадлежности формул логике в таком языке будет неразрешима, неперечислима или даже неарифметична.
653 0_ a Ключевые слова Формулы
a Ключевые слова Труды Тверского государственного университета
a Ключевые слова Неклассические логики
a Ключевые слова Логика
a Ключевые слова Рекурсивная перечислимость
a Ключевые слова Предикатные буквы
700 12 a Другие авторы Шкатов Дмитрий Петрович
q Полное имя Шкатов Д. П.
773 18 w Контрольный № источника f93cd7c2cffb4b90a02951ff508e955d
t Название источника Математические основы информатики и информационно-коммуникационных систем"
d Место и дата издания Тверь : Тверской государственный университет, 2021
g Прочая информация С. 246-254
856 40 u URL http://megapro.tversu.ru/megaPro/UserEntry?Action=FindDocs&ids=5455329
u URL http://texts.lib.tversu.ru/texts/151522t.pdf
x Примечание для ЭОР Справка УИС 2021
x Примечание для ЭОР Реестр суммарного учета сетевых локальных документов
i Дата подключения ЭОР 20211224
901 t Тип документа a
920 a Оператор Кома
954 b Дата поступления в ОК 20211222